| 000 -CABECERA |
| campo de control de longitud fija |
00641cam a2200217 a 4500 |
| 001 - NÚMERO DE CONTROL |
| campo de control |
000082634 |
| 005 - FECHA Y HORA DE LA ÚLTIMA TRANSACCIÓN |
| campo de control |
20200120224759.0 |
| 008 - DATOS DE LONGITUD FIJA--INFORMACIÓN GENERAL |
| campo de control de longitud fija |
990106s2000 sp gr 000 0 spa d |
| 041 0# - CÓDIGO DE LENGUA |
| Código de lengua del texto/banda sonora o título independiente |
ck |
| 043 ## - CÓDIGO DE ÁREA GEOGRÁFICA |
| Código de área geográfica |
s-ck--- |
| 082 04 - NÚMERO DE LA CLASIFICACIÓN DECIMAL DEWEY |
| Número de clasificación |
362.29 |
| Número de documento/Ítem |
S11 |
| Número de edición |
20 |
| 100 1# - ENTRADA PRINCIPAL--NOMBRE DE PERSONA |
| Nombre de persona |
Saavedra, Juan José |
| 245 13 - MENCIÓN DE TÍTULO |
| Título |
El fracaso de la prevención / |
| Mención de responsabilidad, etc. |
Juan José Saavedra. |
| 250 ## - MENCIÓN DE EDICIÓN |
| Mención de edición |
1a ed. |
| 260 ## - PUBLICACIÓN, DISTRIBUCIÓN, ETC. |
| Lugar de publicación, distribución, etc. |
Cali : |
| Nombre del editor, distribuidor, etc. |
[s.n.], |
| Fecha de publicación, distribución, etc. |
2000. |
| 300 ## - DESCRIPCIÓN FÍSICA |
| Extensión |
22 páginas. |
| 650 17 - PUNTO DE ACCESO ADICIONAL DE MATERIA--TÉRMINO DE MATERIA |
| Término de materia o nombre geográfico como elemento de entrada |
Abuso de drogas |
| Subdivisión general |
Prevención |
| Subdivisión de forma |
Ensayo |
| Fuente del encabezamiento o término |
LEMB |
| 650 27 - PUNTO DE ACCESO ADICIONAL DE MATERIA--TÉRMINO DE MATERIA |
| Término de materia o nombre geográfico como elemento de entrada |
Drogadicción |
| Subdivisión general |
Prevención |
| Subdivisión de forma |
Ensayo |
| Fuente del encabezamiento o término |
LEMB |
| 650 27 - PUNTO DE ACCESO ADICIONAL DE MATERIA--TÉRMINO DE MATERIA |
| Término de materia o nombre geográfico como elemento de entrada |
Toxicología |
| Subdivisión de forma |
Ensayo |
| Fuente del encabezamiento o término |
LEMB |
| 650 27 - PUNTO DE ACCESO ADICIONAL DE MATERIA--TÉRMINO DE MATERIA |
| Término de materia o nombre geográfico como elemento de entrada |
Drogas alucinógenas |
| Subdivisión de forma |
Ensayo |
| Fuente del encabezamiento o término |
LEMB |